Cartilla Impuesto sobre la ventas IVA e Impuesto Nacional al Consumo INC 2014

Bibliographic Details
Main Author: Chavarro Cadena, Jorge Enrique
Other Authors: Monclou Pedraza, Jaime
Format: eBook
Language:Spanish
Published: Bogot:̀ Editorial Nueva Legislacin̤, 2014
Subjects:
Online Access:Acceso restringido

MARC

LEADER 00000nam a22000007a 4500
005 20140711005454.0
007 cr|||| ||||
008 140711s2014 co |||||s|||| 00||0 spa d
020 |a 978-958-8802-13-8 
035 |a 12239 
040 |a vLex 
090 |c 5026  |d 5026 
100 1 |a Chavarro Cadena, Jorge Enrique 
245 1 0 |a Cartilla Impuesto sobre la ventas IVA e Impuesto Nacional al Consumo INC 2014  |h [Recurso electrn̤ico] /  |c Jorge Enrique Chavarro Cadena, Jaime Monclou Pedraza 
256 |a Servicio en ln̕ea 
260 |a Bogot:̀  |b Editorial Nueva Legislacin̤,  |c 2014 
300 |a 1 recurso electrn̤ico 
500 |a La presente cartilla ha sido elaborada para brindar mejor claridad del Impuesto a las Ventas -IVA- y del Impuesto Nacional al Consumo -INC-, tanto en la parte sustantiva como en la parte procedimental, ofreciendo al lector casos prc̀ticos por medio de ejercicios y talleres, lo cual conduce a darle un adecuado tratamiento al manejo y a la planeacin̤ de estos impuestos, para efectos de elaborar correctamente las declaraciones del IVA e INC a lo largo del aǫ 2014. Como se introducen ejercicios prc̀ticos y talleres con el respectivo diligenciamiento de la declaracin̤ de IVA para el aǫ gravable 2014 teniendo en cuenta la Reforma Tributaria y las l︢timas normas, se podrǹ aclarar las inquietudes de una manera ms̀ didc̀tica y sencilla. 
506 1 |a Disponible solo en los productos indicados  |d vLex Global  |d vLex Global (Academic Edition, excluding Law Schools)  |d vLex Global (U.S. Academic Edition, Law Schools)  |d vLex Global (U.S. Academic Edition, excluding Law Schools)  |d vLex Global (Academic Edition, Law Schools) 
650 0 4 |a Derecho Fiscal  |z Colombia 
700 1 |a Monclou Pedraza, Jaime 
740 0 |a vLex Libros (Servicio en ln̕ea) 
856 4 0 |u http://vlex.com/source/cartilla-impuesto-sobre-la-ventas-iva-e-impuesto-nacional-al-consumo-inc-2014-12239  |z Acceso restringido 
942 |c BOOK 
999 0 |a Tax Law